Doctrina teológica / (Record no. 135209)

MARC details
000 -LEADER
campo de control de longitud fija 00752nam a2200241 i 4500
001 - NÚMERO DE CONTROL
campo de control 135209
003 - IDENTIFICADOR DE NÚMERO DE CONTROL
campo de control ES-MaACL
005 - FECHA Y HORA DE LA ÚLTIMA TRANSACCIÓN
campo de control 20250824230755.0
007 - CAMPO FIJO DE DESCRIPCIÓN FÍSICA--INFORMACIÓN GENERAL
campo de control de longitud fija t|
008 - DATOS DE LONGITUD FIJA--INFORMACIÓN GENERAL
campo de control de longitud fija 070711s1962 sp ||||1| spa d
080 ## - NÚMERO DE LA CLASIFICACIÓN DECIMAL UNIVERSAL
Número de la Clasificación Decimal Universal 2(02)
100 0# - ENTRADA PRINCIPAL--NOMBRE DE PERSONA
Nombre de persona Tomás de Aquino,
Títulos y otros términos asociados al nombre Santo
9 (RLIN) 110514
245 10 - MENCIÓN DEL TÍTULO
Título Doctrina teológica /
Mención de responsabilidad, etc. Tomás de Aquino ; adaptación de Walter Farrell, y Martin J. Healy.
260 ## - PUBLICACIÓN, DISTRIBUCIÓN, ETC.
Lugar de publicación, distribución, etc. Madrid :
Nombre del editor, distribuidor, etc. Rialp,
Fecha de publicación, distribución, etc. 1962.
300 ## - DESCRIPCIÓN FÍSICA
Extensión 669 p. ;
Dimensiones 18 cm.
490 1# - MENCIÓN DE SERIE
Mención de serie De Patmos Libros de Espiritualidad. 3
650 17 - PUNTO DE ACCESO ADICIONAL DE MATERIA--TÉRMINO DE MATERIA
Término de materia o nombre geográfico como elemento de entrada Teología
Fuente del encabezamiento o término embne
9 (RLIN) 17457
700 1# - ENTRADA AGREGADA--NOMBRE PERSONAL
Nombre de persona Farrell, Walter.
9 (RLIN) 48892
700 1# - ENTRADA AGREGADA--NOMBRE PERSONAL
Nombre de persona Healy, Martín J.
9 (RLIN) 62241
830 00 - PUNTO DE ACCESO ADICIONAL DE SERIE-TÍTULO UNIFORME
Título uniforme Patmos (Rialp)
9 (RLIN) 181154
852 ## - LOCALIZACIÓN
Ubicación ES-MaACL
Número de control de estantería C-22670
Sublocalización o colección R.51142
Holdings
Estatus retirado Estado de pérdida Estado de daño No para préstamo Biblioteca de origen Biblioteca actual Ubicación en estantería Fecha de adquisición Fuente de adquisición Total de préstamos Signatura topográfica completa Código de barras Visto por última vez Precio de reemplazo Tipo de ítem Koha
        Biblioteca del Ateneo de Madrid Biblioteca del Ateneo de Madrid Galería 17/01/2008     C-22670 1140728 23/02/2023 23/02/2023 Libro impreso